000 00404nam a2200169Ia 4500
008 210210b1950 xxu||||| |||| 00| 0 eng d
041 _aeng
082 _a823/5
100 _aSHAKESPEARE (William)
245 _aAntony and Cleopatra
260 _aCambridge
_bAt the Clarendon Press
_c1950
650 _aCleopatra
650 _aAntony
650 _aand
690 _aEnglish Drama
906 _a013557
999 _c132438
_d132438